000 00682nam a2200217Ii 4500
003 JO-AjNU
008 230606s9999||||xx |||||||||||||| ||und||
020 _a978-0-135-24512-5
040 _aJO-AjNU
_beng
_erda
_cJO-AjNU
041 _aeng
050 1 4 _aQA76.76.A65.P53 2019
100 3 _aMarsicano,Kristin, Brian Gardener, Bill Phillips, Chris Stewart,
_eauthor
_96448
245 0 0 _aAndroid programming: The Big Nerd Ranch Guide
250 _a4ed
264 3 1 _aATLANTA:Big Nerd Ranch,2019
300 _a654p
336 _atext
_btxt
_2rdacontent
337 _aunmediated
_bn
_2rdamedia
338 _avolume
_bnc
_2rdacarrier
650 4 _aAPPlication softwer-Development
_96449
999 _aE3345
_c3341
_d3341